Football by Letter - C - Statistics

General Stats
  • This quiz has been taken 90 times
    67 since last reset
  • The average score is 16 of 20
Answer Stats
Hint Answer % Correct
Scottish record champions Celtic Glasgow
98%
Lost the World Cup Final in 2018 Croatia
98%
Champions League winners in 2012 and 2021 FC Chelsea
98%
The Ajax stadium is named after this Dutch legend Johan Cruyff
97%
Pavel Nedved's nationality Czech Republic
93%
Brazil's captain during their World Cup victory in 2002 Cafu
90%
Which former Tottenham and Liverpool player is known for his height? Peter Crouch
88%
Left-back who won the Premier League with Arsenal and Chelsea Ashley Cole
83%
Stadium in Europe with the largest capacity Camp Nou
83%
Most clean sheets in Premier League history Petr Cech
83%
Brazilian who is known for his amazing free kick goals Roberto Carlos
82%
AFCON winner in 2017 Cameroon
78%
Host country of the 1962 World Cup Chile
77%
has won the Romanian league from 17/18 to 21/22 CFR Cluj
72%
Ballon d'Or winner 2006 Fabio Cannavaro
72%
Goalkeeper with the most CL appearances Iker Casillas
68%
Six-time Champions League winner with Real Madrid Dani Carvajal
65%
Country that reached the quarter-finals in 2014 Costa Rica
63%
Won the Yashin Trophy in 2022 Thibaut Courtois
63%
Nation that has qualified for the 2026 World Cup for the first time Cape Verde
57%
No matching quizzes found
Score Distribution
Percent of People with Each Score
Percentile by Number Answered
Your Score History
You have not taken this quiz since the last reset